000 00948naa a22002897a 4500
001 BR8305773
003 BR-BrBNA
005 20250721154421.0
007 ta
008 250630b bl.|||m| |||| 00| 0 por d
040 _aBR-BrBNA
_bpor
_cBiblioteca Nacional de Agricultura
041 _a(Pt)
072 _aF06; P11; U10
090 _aF06 BR8305773
100 1 _aDamaso, J.A.
245 1 _aA utilizacao das calculadoras programaveis HP-51-3 nos calculos de irrigacao e sistematizacao de terras
250 1 _a2. ed.
500 _aPROVARZEAS Nacional 2. ed.Brasilia, DF (Brasil): 1983. p. 11-20 [8 ref.] (BR8305773-AMS)
650 _aIRRIGACAO
650 _aDRENAGEM
650 _aSOLO
650 _aNIVELAMENTO DA TERRA
650 _aMODELO MATEMATICO
490 _aInformacao Tecnica - Programa Nacional para Aproveitamento de Varzeas Irrigaveis (Brazil)
_vno. 2
942 _cAMS
_2AGRIS
909 _a202506
_bLúcia
_c55
_dLúcia Elande
999 _c334610
_d334610